Empty Homes Agency (Record no. 119540)
[ view plain ]
| 000 -LEADER | |
|---|---|
| fixed length control field | 00729cam a2200193 4500 |
| 001 - CONTROL NUMBER | |
| control field | WS107412 |
| 008 - FIXED-LENGTH DATA ELEMENTS--GENERAL INFORMATION | |
| fixed length control field | 000000n 000 0 eng u |
| 035 ## - SYSTEM CONTROL NUMBER | |
| System control number | (Sirsi) u107412 |
| 110 ## - MAIN ENTRY--CORPORATE NAME | |
| Corporate name or jurisdiction name as entry element | Empty Homes Agency |
| 9 (RLIN) | 219 |
| 245 ## - TITLE STATEMENT | |
| Title | Empty Homes Agency |
| 520 ## - SUMMARY, ETC. | |
| Summary, etc. | Site for this independent housing charity which exists to highlight the problems of empty and underused homes and property. It includes detailed statistics on empty homes and discussion forums. |
| 650 ## - SUBJECT ADDED ENTRY--TOPICAL TERM | |
| Topical term or geographic name entry element | EMPTY PROPERTY |
| 650 0# - SUBJECT ADDED ENTRY--TOPICAL TERM | |
| Topical term or geographic name entry element | DISCUSSION LISTS |
| 650 0# - SUBJECT ADDED ENTRY--TOPICAL TERM | |
| Topical term or geographic name entry element | COMMUNITY ACTION ON EMPTY HOMES |
| 650 ## - SUBJECT ADDED ENTRY--TOPICAL TERM | |
| Topical term or geographic name entry element | EMPTY HOMES |
| 690 ## - LOCAL SUBJECT ADDED ENTRY--TOPICAL TERM (OCLC, RLIN) | |
| Topical term or geographic name as entry element | HOUSING |
| 856 40 - ELECTRONIC LOCATION AND ACCESS | |
| Uniform Resource Identifier | <a href="https://www.emptyhomes.com/">https://www.emptyhomes.com/</a> |
| Public note | View the website free of charge at www.emptyhomes.com/... |
| 942 ## - ADDED ENTRY ELEMENTS (KOHA) | |
| Suppress in OPAC | 0 |
| Withdrawn status | Lost status | Source of classification or shelving scheme | Damaged status | Not for loan | Home library | Current library | Shelving location | Date acquired | Total Checkouts | Full call number | Barcode | Date last seen | Copy number | Price effective from | Koha item type |
|---|---|---|---|---|---|---|---|---|---|---|---|---|---|---|---|
| Dewey Decimal Classification | Virtual | Virtual | Online | 31/07/2000 | WEB SITE | 107412-2001 | 06/08/2019 | 1 | 06/08/2019 | Online material |